000 00590cam a22002173a 4500
001 45472
003 PGUSA
005 20140828084042.0
008 140424s2014||||xxu|||||s|||||000 | eng d
040 _aPGUSA
_beng
042 _adc
100 1 _aMacchiavelli, Niccolo
245 1 0 _aRuhtinas
_h[electronic resource] /
_cNiccolo Macchiavelli
260 _bProject Gutenberg,
_c2014
506 _aPublic domain in the USA.
516 _aElectronic text
700 1 _aKallio, O. A.
830 0 _aProject Gutenberg
_v45472
856 4 0 _uhttp://www.gutenberg.org/ebooks/45472
942 _cEB
999 _c274723
_d274723